Four Letter Geography - K - Statistics

General Stats
  • This quiz has been taken 63 times
  • The average score is 3 of 10
Answer Stats
Hint Answer % Correct
Capital of Ukraine Kyiv
100%
Flightless bird from New Zealand Kiwi
88%
The meaning of 'Shah' King
71%
Second populous city of Nigeria Kano
56%
Sea North of Russia Kama
7%
Peak in the island of Oahu Koko
5%
Western Turkish Volcano Kula
5%
Bay in Japan Kure
3%
Isle in the Maldives Kuda
2%
Lake in Fiji Kuku
2%
No matching quizzes found
Score Distribution
Percent of People with Each Score
Percentile by Number Answered
Your Score History
You have not taken this quiz